书目信息 |
| 题名: |
中国旱地和高水农业研究与发展
|
|
| 作者: | 张正斌 著 | |
| 分册: | ||
| 出版信息: | 北京 科学出版社 2006 |
|
| 页数: | ||
| 开本: | ||
| 丛书名: | ||
| 单 册: | ||
| 中图分类: | S27 | |
| 科图分类: | ||
| 主题词: | 农田水利 | |
| 电子资源: | ||
| ISBN: | 7-03-016764-3 | |
| 000 | 00517nam0 2200169 450 | |
| 001 | 0754114953 | |
| 005 | 20070929150154.95 | |
| 010 | @a7-03-016764-3 | |
| 100 | @a20070929d km y0chiy0120 ea | |
| 101 | 0 | @achi |
| 200 | 1 | @a中国旱地和高水农业研究与发展@Azhong guo han di he gao shui nong ye yan jiu yu fa zhan@f张正斌 著@Fzhang zheng bin zhu |
| 210 | @a北京@c科学出版社@d2006 | |
| 606 | 0 | @a农田水利 |
| 690 | @aS27@v3 | |
| 701 | 0 | @a张正斌@Azhang zheng bin@4著 |
| 801 | 0 | @aCN@bPFT@c20070929 |
| 905 | @a213230@dS27@eh29@f1 | |
| 中国旱地和高水农业研究与发展/张正斌 著.-北京:科学出版社,2006 |
| ISBN 7-03-016764-3: |
| ● |
| 相关链接 |
|
|
|
|
正题名:中国旱地和高水农业研究与发展
索取号:S27/h29
 
预约/预借
| 序号 | 登录号 | 条形码 | 馆藏地/架位号 | 状态 | 备注 |
| 1 | 6003297 | 260032976 | 密集书库-化学系/ [索取号:S27/h29] | 在馆 |